[Event "DEM U12w 2024"]
[Site "Willingen GER"]
[Date "2024.05.24"]
[Round "8"]
[White "Heidtkamp, Anna"]
[Black "Hladeniuk, Yelyzaveta"]
[Result "0-1"]
[Termination "normal"]
[Board "9"]
[WhiteElo "1622"]
[BlackElo "1646"]
[WhiteClock "00:11:55"]
[BlackClock "00:39:32"]
[PlyCount "94"]
[WhiteFideId "16269012"]
[BlackFideId "34176128"]
[EventCountry "GER"]
[EventRounds "9"]
[EventType "swiss"]
[EventDate "2024.05.18"]

1. d4 {[%clk 01:30:58]} {[%emt 00:00:01]} Nf6 {[%clk 01:30:53]} {[%emt
00:00:07]} 2. Nc3 {[%clk 01:31:24]} {[%emt 00:00:04]} d5 {[%clk 01:31:05]}
{[%emt 00:00:18]} 3. Bf4 {[%clk 01:31:51]} {[%emt 00:00:04]} e6 {[%clk
01:31:02]} {[%emt 00:00:33]} 4. a3 {[%clk 01:31:57]} {[%emt 00:00:24]} Be7
{[%clk 01:29:16]} {[%emt 00:02:15]} 5. e3 {[%clk 01:32:19]} {[%emt 00:00:10]}
O-O {[%clk 01:29:21]} {[%emt 00:00:25]} 6. Nf3 {[%clk 01:32:22]} {[%emt
00:00:27]} Nbd7 {[%clk 01:27:32]} {[%emt 00:02:19]} 7. Bd3 {[%clk 01:32:36]}
{[%emt 00:00:16]} a6 {[%clk 01:26:09]} {[%emt 00:01:52]} 8. Qe2 {[%clk
01:32:06]} {[%emt 00:01:00]} c5 {[%clk 01:25:46]} {[%emt 00:00:52]} 9. Qd2
{[%clk 01:31:37]} {[%emt 00:01:00]} cxd4 {[%clk 01:22:47]} {[%emt 00:03:29]}
10. exd4 {[%clk 01:31:19]} {[%emt 00:00:48]} b5 {[%clk 01:21:15]} {[%emt
00:02:01]} 11. b4 {[%clk 01:26:42]} {[%emt 00:05:09]} Nb6 {[%clk 01:17:55]}
{[%emt 00:03:48]} 12. O-O {[%clk 01:26:25]} {[%emt 00:00:48]} Bd7 {[%clk
01:15:35]} {[%emt 00:02:45]} 13. Ne5 {[%clk 01:19:48]} {[%emt 00:07:12]} Rc8
{[%clk 01:12:15]} {[%emt 00:03:49]} 14. Ne2 {[%clk 01:12:21]} {[%emt 00:07:59]}
Nc4 {[%clk 01:10:01]} {[%emt 00:02:39]} 15. Bxc4 {[%clk 01:08:08]} {[%emt
00:04:48]} dxc4 {[%clk 01:08:20]} {[%emt 00:02:11]} 16. Nc3 {[%clk 01:01:44]}
{[%emt 00:06:54]} Bc6 {[%clk 01:02:41]} {[%emt 00:06:02]} 17. Nxc6 {[%clk
00:58:04]} {[%emt 00:04:17]} Rxc6 {[%clk 01:03:02]} {[%emt 00:00:09]} 18. Rfe1
{[%clk 00:55:48]} {[%emt 00:02:45]} Nd5 {[%clk 01:00:01]} {[%emt 00:03:30]} 19.
Nxd5 {[%clk 00:52:24]} {[%emt 00:03:55]} Qxd5 {[%clk 01:00:14]} {[%emt
00:00:16]} 20. Re5 {[%clk 00:50:14]} {[%emt 00:02:41]} Qd7 {[%clk 00:57:26]}
{[%emt 00:03:15]} 21. Bg3 {[%clk 00:45:01]} {[%emt 00:05:46]} Bf6 {[%clk
00:55:39]} {[%emt 00:02:15]} 22. Re4 {[%clk 00:43:50]} {[%emt 00:01:43]} Qd5
{[%clk 00:51:12]} {[%emt 00:04:51]} 23. f3 {[%clk 00:39:47]} {[%emt 00:04:39]}
c3 {[%clk 00:45:49]} {[%emt 00:05:52]} 24. Qd3 {[%clk 00:34:09]} {[%emt
00:06:09]} Rc4 {[%clk 00:45:38]} {[%emt 00:00:39]} 25. Rd1 {[%clk 00:33:23]}
{[%emt 00:01:18]} Rd8 {[%clk 00:45:39]} {[%emt 00:00:28]} 26. Bf2 {[%clk
00:27:59]} {[%emt 00:05:54]} e5 {[%clk 00:36:27]} {[%emt 00:09:42]} 27. dxe5
{[%clk 00:21:03]} {[%emt 00:07:27]} Qxd3 {[%clk 00:36:35]} {[%emt 00:00:22]}
28. Rxd3 {[%clk 00:16:30]} {[%emt 00:05:03]} Rxd3 {[%clk 00:36:58]} {[%emt
00:00:07]} 29. cxd3 {[%clk 00:16:45]} {[%emt 00:00:16]} Rxe4 {[%clk 00:37:03]}
{[%emt 00:00:25]} 30. dxe4 {[%clk 00:15:13]} {[%emt 00:02:02]} Bg5 {[%clk
00:36:59]} {[%emt 00:00:34]} 31. Bd4 {[%clk 00:09:54]} {[%emt 00:05:49]} c2
{[%clk 00:37:11]} {[%emt 00:00:18]} 32. Bb2 {[%clk 00:10:18]} {[%emt 00:00:07]}
c1=Q+ {[%clk 00:37:34]} {[%emt 00:00:07]} 33. Bxc1 {[%clk 00:10:42]} {[%emt
00:00:05]} Bxc1 {[%clk 00:37:55]} {[%emt 00:00:08]} 34. Kf2 {[%clk 00:10:42]}
{[%emt 00:00:30]} Bxa3 {[%clk 00:38:20]} {[%emt 00:00:06]} 35. Ke3 {[%clk
00:10:51]} {[%emt 00:00:21]} Bxb4 {[%clk 00:38:44]} {[%emt 00:00:06]} 36. Kd3
{[%clk 00:11:14]} {[%emt 00:00:07]} Kf8 {[%clk 00:38:46]} {[%emt 00:00:27]} 37.
Kc2 {[%clk 00:10:53]} {[%emt 00:00:51]} Ke7 {[%clk 00:39:06]} {[%emt 00:00:11]}
38. Kb3 {[%clk 00:10:50]} {[%emt 00:00:32]} Bd2 {[%clk 00:39:15]} {[%emt
00:00:19]} 39. g3 {[%clk 00:11:04]} {[%emt 00:00:18]} g5 {[%clk 00:39:28]}
{[%emt 00:00:17]} 40. Kc2 {[%clk 00:10:53]} {[%emt 00:00:42]} Ba5 {[%clk
00:39:34]} {[%emt 00:00:24]} 41. Kd3 {[%clk 00:11:11]} {[%emt 00:00:12]} Bb6
{[%clk 00:39:45]} {[%emt 00:00:15]} 42. Ke2 {[%clk 00:11:02]} {[%emt 00:00:43]}
a5 {[%clk 00:40:08]} {[%emt 00:00:07]} 43. Kd3 {[%clk 00:11:27]} {[%emt
00:00:05]} Ke6 {[%clk 00:39:50]} {[%emt 00:00:47]} 44. f4 {[%clk 00:11:50]}
{[%emt 00:00:07]} gxf4 {[%clk 00:39:57]} {[%emt 00:00:23]} 45. gxf4 {[%clk
00:12:17]} {[%emt 00:00:04]} a4 {[%clk 00:39:37]} {[%emt 00:00:49]} 46. h3
{[%clk 00:11:45]} {[%emt 00:01:02]} Bg1 {[%clk 00:39:42]} {[%emt 00:00:24]} 47.
h4 {[%clk 00:11:55]} {[%emt 00:00:21]} Bh2 {[%clk 00:39:32]} {[%emt 00:00:39]}
0-1

[Event "DEM U12w 2024"]
[Site "Willingen GER"]
[Date "2024.05.24"]
[Round "8"]
[White "Luible, Antonia"]
[Black "Ratushna, Olha"]
[Result "1/2-1/2"]
[Termination "normal"]
[Board "10"]
[WhiteElo "1347"]
[BlackElo "1602"]
[WhiteClock "00:17:01"]
[BlackClock "00:25:00"]
[PlyCount "81"]
[WhiteFideId "34681710"]
[BlackFideId "34172602"]
[EventCountry "GER"]
[EventRounds "9"]
[EventType "swiss"]
[EventDate "2024.05.18"]

1. d4 {[%clk 01:30:59]} {[%emt 00:00:01]} Nf6 {[%clk 01:30:51]} {[%emt
00:00:09]} 2. Nf3 {[%clk 01:31:21]} {[%emt 00:00:08]} g6 {[%clk 01:31:14]}
{[%emt 00:00:07]} 3. c4 {[%clk 01:31:33]} {[%emt 00:00:18]} Bg7 {[%clk
01:31:09]} {[%emt 00:00:34]} 4. Nc3 {[%clk 01:31:42]} {[%emt 00:00:21]} O-O
{[%clk 01:31:20]} {[%emt 00:00:16]} 5. e4 {[%clk 01:31:59]} {[%emt 00:00:16]}
d6 {[%clk 01:31:26]} {[%emt 00:00:24]} 6. Be2 {[%clk 01:31:49]} {[%emt
00:00:40]} Nbd7 {[%clk 01:31:34]} {[%emt 00:00:21]} 7. O-O {[%clk 01:32:02]}
{[%emt 00:00:17]} e5 {[%clk 01:31:20]} {[%emt 00:00:44]} 8. d5 {[%clk
01:31:46]} {[%emt 00:00:47]} a5 {[%clk 01:31:04]} {[%emt 00:00:47]} 9. b3
{[%clk 01:31:31]} {[%emt 00:00:45]} Nc5 {[%clk 01:30:39]} {[%emt 00:00:55]} 10.
Qc2 {[%clk 01:28:52]} {[%emt 00:03:08]} Ne8 {[%clk 01:28:54]} {[%emt 00:02:16]}
11. Ne1 {[%clk 01:16:53]} {[%emt 00:12:26]} f5 {[%clk 01:28:06]} {[%emt
00:01:21]} 12. f3 {[%clk 01:15:19]} {[%emt 00:02:04]} f4 {[%clk 01:27:31]}
{[%emt 00:01:05]} 13. Nd3 {[%clk 01:12:36]} {[%emt 00:03:13]} Nxd3 {[%clk
01:26:55]} {[%emt 00:01:06]} 14. Bxd3 {[%clk 01:12:33]} {[%emt 00:00:32]} Qh4
{[%clk 01:26:08]} {[%emt 00:01:17]} 15. Qf2 {[%clk 01:10:47]} {[%emt 00:02:14]}
Qh5 {[%clk 01:25:15]} {[%emt 00:01:23]} 16. Bb2 {[%clk 01:04:17]} {[%emt
00:07:04]} Rf6 {[%clk 01:19:30]} {[%emt 00:06:15]} 17. g4 {[%clk 00:55:13]}
{[%emt 00:09:33]} fxg3 {[%clk 01:18:37]} {[%emt 00:01:24]} 18. hxg3 {[%clk
00:55:12]} {[%emt 00:00:30]} Bh3 {[%clk 01:01:18]} {[%emt 00:17:49]} 19. g4
{[%clk 00:54:39]} {[%emt 00:01:04]} Qh6 {[%clk 01:01:34]} {[%emt 00:00:12]} 20.
Rfd1 {[%clk 00:45:20]} {[%emt 00:09:50]} Bxg4 {[%clk 01:01:17]} {[%emt
00:00:48]} 21. Be2 {[%clk 00:43:18]} {[%emt 00:02:33]} Bd7 {[%clk 00:54:59]}
{[%emt 00:06:43]} 22. Bc1 {[%clk 00:40:46]} {[%emt 00:03:07]} g5 {[%clk
00:51:53]} {[%emt 00:03:34]} 23. Qg2 {[%clk 00:39:30]} {[%emt 00:01:46]} Rg6
{[%clk 00:51:35]} {[%emt 00:00:49]} 24. Qh2 {[%clk 00:39:06]} {[%emt 00:00:51]}
Qxh2+ {[%clk 00:51:16]} {[%emt 00:00:52]} 25. Kxh2 {[%clk 00:39:28]} {[%emt
00:00:08]} g4 {[%clk 00:45:42]} {[%emt 00:06:04]} 26. Rg1 {[%clk 00:36:23]}
{[%emt 00:03:29]} gxf3 {[%clk 00:45:15]} {[%emt 00:01:03]} 27. Rxg6 {[%clk
00:35:54]} {[%emt 00:00:59]} hxg6 {[%clk 00:45:41]} {[%emt 00:00:04]} 28. Bxf3
{[%clk 00:36:05]} {[%emt 00:00:19]} Nf6 {[%clk 00:43:35]} {[%emt 00:02:35]} 29.
Bd2 {[%clk 00:32:30]} {[%emt 00:04:03]} Nh5 {[%clk 00:43:07]} {[%emt 00:00:58]}
30. Rg1 {[%clk 00:31:40]} {[%emt 00:01:20]} Kh7 {[%clk 00:42:56]} {[%emt
00:00:42]} 31. Bg4 {[%clk 00:30:50]} {[%emt 00:01:17]} Bxg4 {[%clk 00:41:54]}
{[%emt 00:01:35]} 32. Rxg4 {[%clk 00:31:12]} {[%emt 00:00:09]} Rf8 {[%clk
00:42:14]} {[%emt 00:00:10]} 33. Nb5 {[%clk 00:28:56]} {[%emt 00:02:47]} Rf7
{[%clk 00:35:14]} {[%emt 00:07:29]} 34. Bxa5 {[%clk 00:28:28]} {[%emt
00:00:58]} b6 {[%clk 00:35:40]} {[%emt 00:00:04]} 35. Be1 {[%clk 00:26:37]}
{[%emt 00:02:11]} Nf6 {[%clk 00:30:17]} {[%emt 00:06:02]} 36. Rh4+ {[%clk
00:26:00]} {[%emt 00:01:07]} Kg8 {[%clk 00:30:33]} {[%emt 00:00:13]} 37. Nc3
{[%clk 00:23:31]} {[%emt 00:03:02]} Bh6 {[%clk 00:26:58]} {[%emt 00:04:00]} 38.
Kg2 {[%clk 00:22:07]} {[%emt 00:01:49]} Kg7 {[%clk 00:26:37]} {[%emt 00:01:00]}
39. Rh3 {[%clk 00:19:06]} {[%emt 00:03:19]} g5 {[%clk 00:25:11]} {[%emt
00:02:08]} 40. Bd2 {[%clk 00:17:01]} {[%emt 00:02:35]} Kg6 {[%clk 00:25:00]}
{[%emt 00:00:40]} 41. Rh1 {[%emt 00:11:09]} 1/2-1/2

[Event "DEM U12w 2024"]
[Site "Willingen GER"]
[Date "2024.05.24"]
[Round "8"]
[White "Yang, Sophie"]
[Black "Nönnig, Lotte"]
[Result "1-0"]
[Termination "normal"]
[Board "11"]
[WhiteElo "1543"]
[BlackElo "1647"]
[WhiteClock "00:52:27"]
[BlackClock "00:03:32"]
[PlyCount "81"]
[WhiteFideId "16279174"]
[BlackFideId "34611509"]
[EventCountry "GER"]
[EventRounds "9"]
[EventType "swiss"]
[EventDate "2024.05.18"]

1. d4 {[%clk 01:30:59]} d5 {[%clk 01:30:46]} {[%emt 00:00:14]} 2. c4 {[%clk
01:31:24]} {[%emt 00:00:05]} e6 {[%clk 01:31:04]} {[%emt 00:00:11]} 3. Nc3
{[%clk 01:31:47]} {[%emt 00:00:06]} Nf6 {[%clk 01:31:23]} {[%emt 00:00:11]} 4.
cxd5 {[%clk 01:32:11]} {[%emt 00:00:07]} exd5 {[%clk 01:31:44]} {[%emt
00:00:09]} 5. Bg5 {[%clk 01:32:34]} {[%emt 00:00:06]} Be7 {[%clk 01:31:54]}
{[%emt 00:00:20]} 6. e3 {[%clk 01:32:47]} {[%emt 00:00:17]} O-O {[%clk
01:31:38]} {[%emt 00:00:45]} 7. Bd3 {[%clk 01:32:57]} {[%emt 00:00:20]} c6
{[%clk 01:31:11]} {[%emt 00:00:58]} 8. Qc2 {[%clk 01:33:13]} {[%emt 00:00:13]}
h6 {[%clk 01:28:07]} {[%emt 00:03:35]} 9. Bh4 {[%clk 01:33:17]} {[%emt
00:00:23]} Be6 {[%clk 01:20:04]} {[%emt 00:08:36]} 10. Nf3 {[%clk 01:30:55]}
{[%emt 00:02:51]} Nbd7 {[%clk 01:18:27]} {[%emt 00:02:08]} 11. O-O {[%clk
01:29:31]} {[%emt 00:01:55]} Re8 {[%clk 01:14:07]} {[%emt 00:04:49]} 12. a3
{[%clk 01:27:02]} {[%emt 00:02:59]} Bg4 {[%clk 01:08:17]} {[%emt 00:06:20]} 13.
Nd2 {[%clk 01:22:44]} {[%emt 00:04:48]} Qc7 {[%clk 01:01:11]} {[%emt 00:07:32]}
14. Bg3 {[%clk 01:22:04]} {[%emt 00:01:09]} Bd6 {[%clk 00:55:56]} {[%emt
00:05:49]} 15. Bxd6 {[%clk 01:22:12]} {[%emt 00:00:22]} Qxd6 {[%clk 00:56:07]}
{[%emt 00:00:19]} 16. h3 {[%clk 01:21:53]} {[%emt 00:00:50]} Be6 {[%clk
00:52:15]} {[%emt 00:04:21]} 17. b4 {[%clk 01:13:08]} {[%emt 00:09:17]} a6
{[%clk 00:50:31]} {[%emt 00:02:13]} 18. Rfb1 {[%clk 01:09:47]} {[%emt
00:03:52]} Rac8 {[%clk 00:44:26]} {[%emt 00:06:34]} 19. Na4 {[%clk 01:05:35]}
{[%emt 00:04:41]} Qe7 {[%clk 00:37:08]} {[%emt 00:07:50]} 20. Nc5 {[%clk
01:01:37]} {[%emt 00:04:29]} Nxc5 {[%clk 00:36:54]} {[%emt 00:00:44]} 21. bxc5
{[%clk 01:01:43]} {[%emt 00:00:25]} Rb8 {[%clk 00:27:36]} {[%emt 00:09:46]} 22.
Rb2 {[%clk 01:01:55]} {[%emt 00:00:18]} Qc7 {[%clk 00:23:23]} {[%emt 00:04:43]}
23. Rab1 {[%clk 01:00:29]} {[%emt 00:01:55]} Bd7 {[%clk 00:16:16]} {[%emt
00:07:38]} 24. Rb3 {[%clk 00:55:39]} {[%emt 00:05:17]} Be6 {[%clk 00:11:02]}
{[%emt 00:05:48]} 25. Qb2 {[%clk 00:55:15]} {[%emt 00:00:51]} Red8 {[%clk
00:06:51]} {[%emt 00:04:43]} 26. Rxb7 {[%clk 00:50:58]} {[%emt 00:04:47]} Rxb7
{[%clk 00:07:00]} {[%emt 00:00:21]} 27. Qxb7 {[%clk 00:51:16]} {[%emt
00:00:11]} Qxb7 {[%clk 00:06:55]} {[%emt 00:00:36]} 28. Rxb7 {[%clk 00:51:41]}
{[%emt 00:00:06]} Ra8 {[%clk 00:06:31]} {[%emt 00:00:53]} 29. Rb6 {[%clk
00:51:46]} {[%emt 00:00:23]} Bd7 {[%clk 00:06:17]} {[%emt 00:00:46]} 30. Rxa6
{[%clk 00:51:12]} {[%emt 00:01:03]} Rb8 {[%clk 00:06:18]} {[%emt 00:00:28]} 31.
Nf3 {[%clk 00:51:26]} {[%emt 00:00:15]} Re8 {[%clk 00:04:29]} {[%emt 00:02:19]}
32. Ne5 {[%clk 00:51:34]} {[%emt 00:00:23]} Rc8 {[%clk 00:03:32]} {[%emt
00:01:28]} 33. Nxd7 {[%clk 00:50:43]} {[%emt 00:01:21]} Nxd7 {[%clk 00:03:51]}
{[%emt 00:00:11]} 34. Bf5 {[%clk 00:51:01]} {[%emt 00:00:10]} Rd8 {[%clk
00:03:30]} {[%emt 00:00:51]} 35. Rxc6 {[%clk 00:51:02]} {[%emt 00:00:31]} Nf6
{[%clk 00:03:15]} {[%emt 00:00:45]} 36. Rc8 {[%clk 00:51:06]} {[%emt 00:00:26]}
Rxc8 {[%clk 00:03:30]} {[%emt 00:00:16]} 37. Bxc8 {[%clk 00:51:31]} {[%emt
00:00:04]} Kf8 {[%clk 00:03:31]} {[%emt 00:00:29]} 38. a4 {[%clk 00:51:38]}
{[%emt 00:00:23]} Ne4 {[%clk 00:03:29]} {[%emt 00:00:32]} 39. a5 {[%clk
00:51:49]} {[%emt 00:00:15]} Nc3 {[%clk 00:03:32]} {[%emt 00:00:30]} 40. a6
{[%clk 00:52:12]} {[%emt 00:00:07]} Nb5 {[%clk 00:03:32]} {[%emt 00:00:31]} 41.
Bb7 {[%clk 00:52:27]} {[%emt 00:00:15]} 1-0

[Event "DEM U12w 2024"]
[Site "Willingen GER"]
[Date "2024.05.24"]
[Round "8"]
[White "Ali, Maha"]
[Black "Schille, Marlene"]
[Result "1-0"]
[Termination "normal"]
[Board "13"]
[WhiteElo "1667"]
[BlackElo "1228"]
[WhiteClock "00:38:16"]
[BlackClock "00:40:07"]
[PlyCount "69"]
[WhiteFideId "34626581"]
[BlackFideId "533000670"]
[EventCountry "GER"]
[EventRounds "9"]
[EventType "swiss"]
[EventDate "2024.05.18"]

1. d4 {[%clk 01:30:57]} {[%emt 00:00:02]} d5 {[%clk 01:30:51]} {[%emt
00:00:09]} 2. c4 {[%clk 01:31:20]} {[%emt 00:00:07]} e6 {[%clk 01:31:06]}
{[%emt 00:00:16]} 3. Nc3 {[%clk 01:31:30]} {[%emt 00:00:19]} f5 {[%clk
01:30:45]} {[%emt 00:00:52]} 4. Nf3 {[%clk 01:31:27]} {[%emt 00:00:32]} Nf6
{[%clk 01:30:26]} {[%emt 00:00:49]} 5. Bg5 {[%clk 01:31:12]} {[%emt 00:00:45]}
Nbd7 {[%clk 01:29:32]} {[%emt 00:01:24]} 6. cxd5 {[%clk 01:30:33]} {[%emt
00:01:10]} exd5 {[%clk 01:28:41]} {[%emt 00:01:21]} 7. Nxd5 {[%clk 01:29:34]}
{[%emt 00:01:29]} c6 {[%clk 01:27:26]} {[%emt 00:01:45]} 8. Nxf6+ {[%clk
01:28:42]} {[%emt 00:01:21]} Nxf6 {[%clk 01:27:28]} {[%emt 00:00:28]} 9. e3
{[%clk 01:27:57]} {[%emt 00:01:15]} Bd6 {[%clk 01:26:35]} {[%emt 00:01:23]} 10.
Bc4 {[%clk 01:27:10]} {[%emt 00:01:18]} h6 {[%clk 01:25:54]} {[%emt 00:01:10]}
11. Bxf6 {[%clk 01:24:21]} {[%emt 00:03:19]} Qxf6 {[%clk 01:25:18]} {[%emt
00:01:06]} 12. Qb3 {[%clk 01:23:10]} {[%emt 00:01:41]} Qe7 {[%clk 01:22:27]}
{[%emt 00:03:20]} 13. a3 {[%clk 01:19:47]} {[%emt 00:03:55]} f4 {[%clk
01:18:08]} {[%emt 00:04:49]} 14. O-O-O {[%clk 01:11:27]} {[%emt 00:08:49]} Bg4
{[%clk 01:15:39]} {[%emt 00:03:00]} 15. Rde1 {[%clk 01:07:47]} {[%emt
00:04:10]} O-O-O {[%clk 01:11:57]} {[%emt 00:04:12]} 16. exf4 {[%clk 01:05:33]}
{[%emt 00:02:43]} Bxf4+ {[%clk 01:10:42]} {[%emt 00:01:45]} 17. Kb1 {[%clk
01:04:55]} {[%emt 00:01:09]} Qf6 {[%clk 01:08:38]} {[%emt 00:02:33]} 18. Ne5
{[%clk 01:00:58]} {[%emt 00:04:27]} Bf5+ {[%clk 01:05:32]} {[%emt 00:03:36]}
19. Ka1 {[%clk 00:54:54]} {[%emt 00:06:35]} Rxd4 {[%clk 01:01:04]} {[%emt
00:04:57]} 20. Nf3 {[%clk 00:52:35]} {[%emt 00:02:50]} Rd6 {[%clk 00:57:19]}
{[%emt 00:04:15]} 21. Rd1 {[%clk 00:50:11]} {[%emt 00:02:53]} c5 {[%clk
00:54:03]} {[%emt 00:03:47]} 22. Rxd6 {[%clk 00:48:41]} {[%emt 00:02:00]} Bxd6
{[%clk 00:53:59]} {[%emt 00:00:34]} 23. Bd5 {[%clk 00:46:50]} {[%emt 00:02:21]}
b6 {[%clk 00:53:14]} {[%emt 00:01:15]} 24. Qa4 {[%clk 00:43:48]} {[%emt
00:03:32]} Bb8 {[%clk 00:49:15]} {[%emt 00:04:28]} 25. Qa6+ {[%clk 00:42:15]}
{[%emt 00:02:03]} Kd8 {[%clk 00:47:41]} {[%emt 00:02:05]} 26. Rd1 {[%clk
00:40:44]} {[%emt 00:02:00]} Qd6 {[%clk 00:41:00]} {[%emt 00:07:12]} 27. Bb3
{[%clk 00:39:24]} {[%emt 00:01:50]} Qxd1+ {[%clk 00:39:26]} {[%emt 00:02:04]}
28. Bxd1 {[%clk 00:39:45]} {[%emt 00:00:09]} Re8 {[%clk 00:39:27]} {[%emt
00:00:28]} 29. Qb7 {[%clk 00:39:13]} {[%emt 00:01:02]} Bc7 {[%clk 00:39:04]}
{[%emt 00:00:53]} 30. Qd5+ {[%clk 00:38:38]} {[%emt 00:01:05]} Bd7 {[%clk
00:39:18]} {[%emt 00:00:16]} 31. Ba4 {[%clk 00:38:46]} {[%emt 00:00:21]} Re7
{[%clk 00:39:39]} {[%emt 00:00:10]} 32. Bxd7 {[%clk 00:38:17]} {[%emt
00:01:00]} Rxd7 {[%clk 00:39:34]} {[%emt 00:00:35]} 33. Qg8+ {[%clk 00:38:26]}
{[%emt 00:00:20]} Ke7 {[%clk 00:39:58]} {[%emt 00:00:06]} 34. Qxg7+ {[%clk
00:38:51]} {[%emt 00:00:06]} Kd8 {[%clk 00:40:07]} {[%emt 00:00:21]} 35. Qf8#
{[%clk 00:38:16]} {[%emt 00:01:02]} 1-0